000 nam a22 a 4500
999 _c400773
_d400773
003 BLK
005 20220228132613.0
008 210321b bul|||||r ||||||| ||bul||
010 _aKNG00053776000
020 _a3895021059
040 _aBLK
041 _aDEU
_cDEU
072 _9178370
_aЯ
_xАвтографи
080 _aНемска литература
_b821.112.2
_x-31
_z821.112.2-31
100 1 _aZacharieva, Rumjana
_eпърви автор
_9282913
139 _aZacharieva, Rumjana
_bZ 13
245 1 0 _a[Sieben] 7 Kilo Zeit
_bRoman
_cRumjana Zacharieva.
257 _aDEU
260 _aBad Honnef
_bHorlemann
_c1999
_9212575
_n3-89502-
300 _a252 c.
_c22 см
380 _aX
500 _aАвтограф:Румяня Захариева
659 7 _9178167
_aЯ
_xАвтографи
852 _bК
_c821.112.2/Z 13 R
852 _bК
_cK 821/Z 13 R
856 4 _qpdf
856 4 _qpdf
942 _cKNG
_n0
_s1
944 _aCR
_c2021-03-12
_kA.M=
999 _d400773
999 _d400773
999 _d400773
999 _d49915